000 01578nam a2200373 c 4500
999 _c88108
_d88108
003 BLK
005 20250414154744.0
008 180408b bul|||||r ||||||| ||bul||
010 _aKNG00092764000
020 _a978-954-25-0132-9
040 _aBLK
041 _aBUL
_cBUL
080 _aБългарска литература
_b821.163.2
_x-311.6
_z821.163.2-311.6
100 1 _aТокораз Исто
_eпърви автор
_9129866
139 _aЦветкашки, Стоян Любомиров
_bЦ 34
245 1 0 _aЯтаган и меч : Ч. 3
_bИст. роман в 5 ч.
_cТокораз Исто
_nЧ. 3
_pХайдут
257 _aBGR
260 _aПловдив
_bОренда
_c2009
_f([Пловдив] : Евро Принт)
300 _a676 с.
_bсъс сх., к.
_c24 см
380 _aX
500 _aТокораз Исто - псевд. на Стоян Любомиров Цветкашки. - Офс. изд. - ISBN на Славчо Николов и сие - Шумен.
653 _aисторически романи
700 _aЦветкашки, Стоян Любомиров
_d1968 -
_9285269
760 1 _aТокораз Исто
_dОренда, 2009
_h676 с. : със сх., к.
_tЧ. 3 Хайдут
852 _aЦб 318161
_bЦб
856 4 _qpdf
_i0.00
_ldisable
856 4 _qpdf
_i0.00
_ldisable
942 _cKNG
_n0
_048
_s1
944 _aCR
_c24.11.2009
_lРусанова Ирена
_k30542
944 _aED
_c22.07.2016
_lф /
_kГеновева_Генчева
999 _d88108
999 _d88108
999 _d88108